Missing Word: Historic Documents Quiz Stats

 Plays Quiz Updated Jun 9, 2018

Challenge
Share
Tweet
Embed
Score 0/18 Timer 02:00
1 Play Today
Document Missing Word % Correct
Magna _____Carta
97.6%
Bill of ______Rights
96.3%
The _____ of IndependenceDeclaration
95.5%
Constitution of the _____ StatesUnited
95.4%
The Gettysburg ______Address
94.8%
_____ of VersaillesTreaty
90.4%
The Emancipation _____Proclamation
86%
The Communist _____Manifesto
85.3%
_____ of ConfederationArticles
76.3%
Document Missing Word % Correct
_____ of HammurabiCode
73.8%
Common ______Sense
67.6%
The Missouri _____Compromise
67.4%
The Kyoto _____Protocol
57.1%
The ______ PapersFederalist
48.4%
Universal Declaration of _____ RightsHuman
45.8%
The ______ CompactMayflower
45.8%
_____ and Sedition ActsAlien
45.3%
The _____ PlanMarshall
40.8%

Today's Daily Dose

Word Ladder
King of the...

Quick Pick
The Doors Songs

On This Day
August 17th II

You're not logged in!

Compare scores with friends on all Sporcle quizzes.
Join for Free
OR
Log In

You Might Also Like...

Show Comments

Extras

Top Quizzes Today


Score Distribution

Your Account Isn't Verified!

In order to create a playlist on Sporcle, you need to verify the email address you used during registration. Go to your Sporcle Settings to finish the process.

Report this User

Report this user for behavior that violates our Community Guidelines.

Details: